| 000 | 01409cam a2200337 a 4500 | ||
|---|---|---|---|
| 001 | 3099 | ||
| 005 | 20241203152639.0 | ||
| 020 | _a9780439445726 | ||
| 040 |
_aDLC _cDLC _dDLC _beng |
||
| 050 | 0 | 0 |
_aPZ7.M992 _b 2001 |
| 082 | 0 | 0 | _a973 |
| 100 | 1 |
_aMyers, Walter Dean _d1937-2014. |
|
| 245 | 1 | 4 |
_aThe journal of Biddy Owens : _bthe Negro leagues / _cby Walter Dean Myers. |
| 250 | _aFirst paperback printing , October 2002 | ||
| 260 |
_aNew York : _bScholastic, _c2001 |
||
| 300 |
_a139 pages : _billustrations ; _c20 cm. |
||
| 490 | _a My Name is America (11), My Story, Dear America Collections (My Name Is America: Civil Rights, 1948) | ||
| 505 | _aZ | ||
| 520 | _aTeenager Biddy Owens' 1948 journal about working for the Birmingham Black Barons includes the games and the players, racism the team faces from New Orleans to Chicago, and his family's resistance to his becoming a professional baseball player. Includes a historical note about the evolution of the Negro Leagues. | ||
| 521 |
_a920
_bLexile |
||
| 521 |
_aZ
_bRaz-Plus |
||
| 650 | 0 |
_aAfrican Americans _vJuvenile fiction. |
|
| 650 | 1 |
_aBaseball _vFiction. |
|
| 650 | 1 |
_aNegro Leagues _vFiction. |
|
| 650 | 1 |
_aAfrican Americans _vFiction. |
|
| 650 | 1 |
_aSegregation _vFiction. |
|
| 650 | 1 |
_aPrejudices _vFiction. |
|
| 650 | 1 |
_aDiaries _vFiction. |
|
| 906 |
_a7 _bcbc _corignew _d1 _eocip _f20 _gy-gencatlg |
||
| 942 |
_2ddc _cBK _n0 |
||
| 999 |
_c3099 _d3099 |
||